[Event "XLII Festival A"]
[Site "Imperia ITA"]
[Date "2000.09.05"]
[Round "3"]
[White "Scarenzio, Renato"]
[Black "Lo Curto, Emanuele"]
[WhiteElo "2024"]
[BlackElo "2132"]
[Result "1-0"]
[PlyCount "109"]
[EventDate "2000.09.03"]

1. d4 d5 2. c4 c6 3. Nf3 Nf6 4. Nc3 e6 5. Bg5 dxc4 6. a4 Bb4 7. Qc2 h6 8. Bd2
Nbd7 9. e4 O-O 10. Bxc4 b6 11. O-O Be7 12. Bf4 Bb7 13. Rfd1 Rc8 14. Ne5 a6 15.
Qb3 Qe8 16. Nxf7 Rxf7 17. Bxe6 Nh5 18. Be3 Kf8 19. a5 b5 20. Rac1 Bd8 21. Bxf7
Qxf7 22. Qxf7+ Kxf7 23. b4 Be7 24. Rb1 g5 25. Rb3 Rd8 26. Kh1 Kg6 27. h3 Nf8
28. d5 Nf6 29. Bb6 Rd7 30. Bd4 cxd5 31. Bxf6 Bxf6 32. Nxd5 Bxd5 33. Rxd5 Rxd5
34. exd5 Be7 35. h4 g4 36. Kg1 Kf5 37. Rc3 Ke5 38. Re3+ Kd6 39. h5 Bg5 40. Re8
Nd7 41. Re6+ Kxd5 42. Rxa6 Bd2 43. Ra7 Kc6 44. a6 Nb6 45. Rh7 Na8 46. Kf1 Kb6
47. Ke2 Bc1 48. Kd1 Bg5 49. Rg7 Bh4 50. g3 Bd8 51. Rg6+ Ka7 52. Rxh6 Nb6 53.
Rg6 Nc4 54. h6 Ne5 55. Rg7+ 1-0

[Event "XLII Festival A"]
[Site "Imperia ITA"]
[Date "2000.09.05"]
[Round "3"]
[White "Schmitt, Thomas"]
[Black "Melich, Jindrich"]
[WhiteElo "2223"]
[BlackElo "2150"]
[Result "0-1"]
[PlyCount "100"]
[EventDate "2000.09.03"]

1. e4 d6 2. d4 Nf6 3. Nc3 g6 4. f4 Bg7 5. Nf3 c5 6. Bb5+ Bd7 7. e5 Ng4 8. e6
Bxb5 9. exf7+ Kd7 10. Nxb5 Qa5+ 11. Nc3 cxd4 12. Nxd4 h5 13. h3 Nc6 14. Nde2
Nh6 15. Bd2 Qf5 16. Ng3 Qxf7 17. Qf3 Nf5 18. Nxf5 gxf5 19. O-O Rac8 20. Be3
Bxc3 21. bxc3 b6 22. Rfe1 Qc4 23. Bf2 h4 24. Re3 Rh7 25. a3 Rg8 26. Re2 Rg6 27.
Rae1 e6 28. Qd3 Na5 29. Rd1 Qc6 30. Bd4 Nc4 31. Be5 Rg3 32. Qd4 Qc5 33. Qxc5
bxc5 34. Bxd6 Nxd6 35. Red2 Rxc3 36. Rxd6+ Kc7 37. Rxe6 Rxc2 38. Rdd6 Rg7 39.
Rg6 Rxg6 40. Rxg6 c4 41. Rf6 c3 42. Rxf5 Kd6 43. Kf1 Rxg2 44. Kxg2 c2 45. Rh5
c1=Q 46. Rxh4 Qxa3 47. Rh5 a5 48. h4 a4 49. Re5 Qb2+ 50. Kf3 a3 0-1

[Event "XLII Festival A"]
[Site "Imperia ITA"]
[Date "2000.09.05"]
[Round "3"]
[White "Zedek, Alois"]
[Black "Bibik, Jura"]
[WhiteElo "2157"]
[BlackElo "2268"]
[Result "1-0"]
[PlyCount "87"]
[EventDate "2000.09.03"]

1. d4 f5 2. Bf4 Nf6 3. e3 e6 4. Bd3 b6 5. Nf3 Bb7 6. Nbd2 Be7 7. h3 O-O 8. O-O
c5 9. c3 Ne4 10. Qc2 d5 11. Ne5 Nxd2 12. Qxd2 Nd7 13. Rad1 Bf6 14. Nxd7 Qxd7
15. Qe2 a6 16. Rfe1 Qc6 17. f3 Rae8 18. Kh1 e5 19. dxe5 Bxe5 20. Bxe5 Rxe5 21.
Bxa6 Bxa6 22. Qxa6 Ra8 23. Qd3 Rxa2 24. f4 Re4 25. Re2 Kf7 26. Qxd5+ Qxd5 27.
Rxd5 Ke6 28. Rd8 Ra1+ 29. Kh2 Ra7 30. Rb8 Ra6 31. Rb7 Kd5 32. Kg3 Re6 33. Rxg7
Rg6+ 34. Rxg6 hxg6 35. Kf3 Kc4 36. e4 fxe4+ 37. Kxe4 b5 38. f5 b4 39. cxb4 cxb4
40. fxg6 Rxg6 41. Kf5 Rg3 42. Kf4 Rg8 43. g4 b3 44. g5 1-0

[Event "XLII Festival A"]
[Site "Imperia ITA"]
[Date "2000.09.05"]
[Round "3"]
[White "Zlochevskij, Alexander"]
[Black "Jurek, Josef"]
[WhiteElo "2450"]
[BlackElo "2329"]
[Result "1/2-1/2"]
[PlyCount "33"]
[EventDate "2000.09.03"]

1. Nf3 Nf6 2. c4 c5 3. Nc3 e6 4. g3 b6 5. Bg2 Bb7 6. O-O Be7 7. d4 cxd4 8. Qxd4
d6 9. Bg5 a6 10. Bxf6 Bxf6 11. Qd3 Ra7 12. Rad1 Be7 13. Nd4 Bxg2 14. Kxg2 Qc8
15. b3 O-O 16. f4 Nd7 17. Nf3 1/2-1/2

[Event "XLII Festival A"]
[Site "Imperia ITA"]
[Date "2000.09.06"]
[Round "4"]
[White "Babula, Milan"]
[Black "Zedek, Alois"]
[WhiteElo "2362"]
[BlackElo "2157"]
[Result "1-0"]
[PlyCount "115"]
[EventDate "2000.09.03"]

1. e4 c6 2. d4 d5 3. Nd2 dxe4 4. Nxe4 Bf5 5. Ng3 Bg6 6. Bc4 e6 7. N1e2 Bd6 8.
Nf4 Ne7 9. c3 O-O 10. Nxg6 Nxg6 11. Ne4 Bf4 12. Bxf4 Nxf4 13. Qf3 Qc7 14. O-O-O
Nd7 15. h4 b5 16. Bb3 a5 17. h5 Nd5 18. h6 Qf4+ 19. Qxf4 Nxf4 20. hxg7 Kxg7 21.
g3 Nd5 22. Rh4 Rh8 23. Rdh1 h6 24. Rg4+ Kf8 25. Ng5 a4 26. Bxd5 exd5 27. Rf4 f6
28. Nf3 Kg7 29. Rg4+ Kf7 30. Nh4 h5 31. Rf4 Rae8 32. Kd2 Nb6 33. b3 axb3 34.
axb3 Ra8 35. Nf3 Ra2+ 36. Kd3 Re8 37. Nd2 Kg6 38. Rfh4 Nc4 39. Nxc4 dxc4+ 40.
bxc4 Rxf2 41. Rxh5 bxc4+ 42. Kxc4 Re3 43. Kc5 Rxg3 44. Kxc6 Rgg2 45. Rh8 Kg5
46. Rg8+ Kf4 47. Rxg2 Rxg2 48. Rh6 f5 49. d5 Rd2 50. Kc5 Ke4 51. c4 f4 52. Re6+
Kd3 53. Rf6 Ke3 54. Kc6 f3 55. d6 Rd4 56. c5 f2 57. d7 Rf4 58. Rxf4 1-0

[Event "XLII Festival A"]
[Site "Imperia ITA"]
[Date "2000.09.06"]
[Round "4"]
[White "Bellia, Fabrizio"]
[Black "Barlocco, Carlo"]
[WhiteElo "2374"]
[BlackElo "2179"]
[Result "1-0"]
[PlyCount "39"]
[EventDate "2000.09.03"]

1. e4 c5 2. Nf3 e6 3. d4 cxd4 4. Nxd4 Nf6 5. Nc3 Qb6 6. Nb3 Bb4 7. Bd3 d5 8.
exd5 Nxd5 9. Bd2 Nxc3 10. bxc3 Be7 11. O-O Nd7 12. c4 Qc7 13. Re1 O-O 14. Rb1
Bf6 15. Bb4 Rd8 16. Bd6 Qc6 17. Na5 Qa4 18. Nxb7 Bxb7 19. Rxb7 Nb6 20. Bxh7+
1-0

[Event "XLII Festival A"]
[Site "Imperia ITA"]
[Date "2000.09.06"]
[Round "4"]
[White "Bibik, Jura"]
[Black "Scarenzio, Renato"]
[WhiteElo "2268"]
[BlackElo "2024"]
[Result "1/2-1/2"]
[PlyCount "124"]
[EventDate "2000.09.03"]

1. e4 c6 2. c4 d5 3. cxd5 cxd5 4. exd5 Nf6 5. Nc3 Nxd5 6. Nf3 g6 7. Bc4 Nb6 8.
Bb3 Nc6 9. d4 Bg7 10. Be3 O-O 11. h3 Na5 12. Bc2 Nd5 13. Nxd5 Qxd5 14. O-O Bf5
15. Bxf5 Qxf5 16. Rc1 Rfc8 17. Qa4 Qd5 18. Rxc8+ Rxc8 19. b4 Nc6 20. b5 Nb8 21.
Rb1 a6 22. Bf4 Qf5 23. Rc1 Rxc1+ 24. Bxc1 Qb1 25. Qd1 Qxb5 26. Bf4 Nd7 27. Qc2
Qb4 28. Qc8+ Nf8 29. Qe8 Bxd4 30. Nxd4 Qxd4 31. Bh6 Qd1+ 32. Kh2 Qd6+ 33. g3 e6
34. Qc8 Qe7 35. h4 e5 36. a4 a5 37. Kg2 f6 38. Kh2 e4 39. Qc4+ Qe6 40. Qc7 Qd7
41. Qxa5 Ne6 42. Qa8+ Nd8 43. Be3 Kf7 44. Kg2 f5 45. Bg5 Ne6 46. Bh6 Qc6 47.
Kh2 Qb6 48. Be3 Qb4 49. Qh8 h5 50. Qa8 Qb2 51. Qa7 Qb3 52. a5 Kf6 53. Qb8 Qd5
54. Bb6 Qd7 55. Qh8+ Qg7 56. Qc8 Ke5 57. Be3 Kd5 58. Qe8 Nd4 59. Qd8+ Kc4 60.
Qc8+ Kb5 61. Kg2 Nc6 62. Bb6 Qf7 1/2-1/2

[Event "XLII Festival A"]
[Site "Imperia ITA"]
[Date "2000.09.06"]
[Round "4"]
[White "Biolek, Richard sr"]
[Black "Payen, Arnaud"]
[WhiteElo "2420"]
[BlackElo "2354"]
[Result "1/2-1/2"]
[PlyCount "89"]
[EventDate "2000.09.03"]

1. e4 Nf6 2. e5 Nd5 3. d4 d6 4. Nf3 g6 5. Bc4 Nb6 6. Bb3 Bg7 7. Ng5 e6 8. f4
dxe5 9. fxe5 c5 10. c3 cxd4 11. cxd4 Nc6 12. Nf3 f6 13. exf6 Qxf6 14. Be3 Nd5
15. Bf2 O-O 16. O-O Qf4 17. Nc3 Ne3 18. Bxe3 Qxe3+ 19. Kh1 Kh8 20. d5 exd5 21.
Nxd5 Qh6 22. Nc7 Rb8 23. Qd5 Bg4 24. Ne6 Bxe6 25. Qxe6 Bxb2 26. Rae1 Bf6 27.
Re4 Qg7 28. Rd1 Rbd8 29. Rxd8 Bxd8 30. h3 Bf6 31. Qd6 Ne7 32. Rc4 Nf5 33. Qe6
Qe7 34. Qxe7 Nxe7 35. Rc7 Rb8 36. g4 Nc6 37. Rf7 Be7 38. Ne5 Rf8 39. Rxf8+ Bxf8
40. Nxc6 bxc6 41. Kg2 Kg7 42. g5 Ba3 43. Kf3 Bc1 44. Kg4 Kf8 45. h4 1/2-1/2

[Event "XLII Festival A"]
[Site "Imperia ITA"]
[Date "2000.09.06"]
[Round "4"]
[White "Bratanov, Zsivko"]
[Black "Kljako, Damir"]
[WhiteElo "2400"]
[BlackElo "2258"]
[Result "1-0"]
[PlyCount "79"]
[EventDate "2000.09.03"]

1. d4 g6 2. c4 Bg7 3. Nc3 c5 4. e3 cxd4 5. exd4 d6 6. h3 Nf6 7. Nf3 O-O 8. d5
e5 9. dxe6 fxe6 10. Be2 Nc6 11. O-O Kh8 12. Bg5 Rf7 13. Qd2 Qf8 14. Rad1 Rd7
15. Nd4 Nxd4 16. Qxd4 Nd5 17. Qd2 Nxc3 18. bxc3 d5 19. Qe3 Qf7 20. Bf4 b6 21.
Bg4 Re7 22. Rfe1 e5 23. cxd5 Bxg4 24. hxg4 Rae8 25. Bg3 b5 26. a4 a6 27. axb5
axb5 28. Qe4 Rc7 29. d6 Rc4 30. Qd5 Qd7 31. Bxe5 Bxe5 32. Rxe5 Rxe5 33. Qxe5+
Kg8 34. Qd5+ Kg7 35. Re1 Kh6 36. Qd2+ g5 37. Qd5 Rf4 38. Qe6+ Qxe6 39. Rxe6+
Kg7 40. d7 1-0

[Event "XLII Festival A"]
[Site "Imperia ITA"]
[Date "2000.09.06"]
[Round "4"]
[White "Cugini, Verter"]
[Black "Pienabarca, Nicola"]
[WhiteElo "2168"]
[BlackElo "2030"]
[Result "0-1"]
[PlyCount "50"]
[EventDate "2000.09.03"]

1. e4 e6 2. d4 d5 3. Nd2 Nf6 4. e5 Nfd7 5. Bd3 c5 6. c3 Nc6 7. Ne2 cxd4 8. cxd4
f6 9. Nf4 Nxd4 10. Qh5+ Ke7 11. Ng6+ hxg6 12. exf6+ Nxf6 13. Qxh8 Kf7 14. O-O
e5 15. Nf3 Nxf3+ 16. gxf3 e4 17. fxe4 Nh5 18. Re1 Qh4 19. Bf1 Bh3 20. Re3 Bxf1
21. Rf3+ Ke7 22. Kxf1 Ng3+ 23. hxg3 Qxh8 24. Bg5+ Ke8 25. Re1 d4 0-1

[Event "XLII Festival A"]
[Site "Imperia ITA"]
[Date "2000.09.06"]
[Round "4"]
[White "Delchev, Aleksander"]
[Black "Mlynek, Petr"]
[WhiteElo "2557"]
[BlackElo "2200"]
[Result "1-0"]
[PlyCount "80"]
[EventDate "2000.09.03"]

1. c4 c6 2. d4 d5 3. Nc3 e6 4. e3 f5 5. Bd3 Nf6 6. Qc2 Be7 7. Nge2 O-O 8. f3 g6
9. Bd2 a6 10. O-O b5 11. b3 Nbd7 12. Nf4 Kf7 13. Nh3 Nh5 14. a4 b4 15. Ne2 Bb7
16. e4 Kg8 17. Bh6 Rf7 18. Qd2 c5 19. cxd5 exd5 20. exf5 gxf5 21. g4 Ng7 22.
Bxg7 Rxg7 23. Bxf5 cxd4 24. Ng3 Nc5 25. Rae1 Nxb3 26. Be6+ Kh8 27. Qd1 Nc5 28.
Nh5 d3 29. Nxg7 Kxg7 30. Bf5 Bf6 31. Nf4 Bc3 32. Nxd3 Nxd3 33. Qxd3 Bxe1 34.
Rxe1 Qf6 35. Re6 Qa1+ 36. Kg2 Qb2+ 37. Kg3 Rf8 38. Qe3 Rxf5 39. gxf5 Bc8 40.
Qa7+ Kf8 1-0

[Event "XLII Festival A"]
[Site "Imperia ITA"]
[Date "2000.09.06"]
[Round "4"]
[White "Dinser, Hans"]
[Black "Basciu, Simone"]
[WhiteElo "2132"]
[BlackElo "2147"]
[Result "0-1"]
[PlyCount "80"]
[EventDate "2000.09.03"]

1. d4 Nf6 2. c4 e6 3. Nc3 d5 4. Nf3 c5 5. cxd5 Nxd5 6. e4 Nxc3 7. bxc3 cxd4 8.
cxd4 Bb4+ 9. Bd2 Bxd2+ 10. Qxd2 O-O 11. Be2 b6 12. O-O Bb7 13. Qe3 Nd7 14. Bd3
Nf6 15. h3 Qe7 16. Rfd1 Rac8 17. Rac1 Rxc1 18. Rxc1 Rc8 19. Rxc8+ Bxc8 20. Qf4
h6 21. Qc1 Bb7 22. Qf4 Bc8 23. g4 Nh7 24. h4 Nf8 25. h5 Qa3 26. Qd2 Ba6 27. Ne1
Bxd3 28. Nxd3 Qa4 29. Nc1 e5 30. Nb3 exd4 31. Nxd4 Qd7 32. Qe3 Qxg4+ 33. Kf1
Qh4 34. Nf5 Qh1+ 35. Ke2 Qb1 36. Qd4 Qxa2+ 37. Kf1 Ne6 38. Qe5 Qc4+ 39. Kg2 Qc7
40. Nd6 Qc5 0-1

[Event "XLII Festival A"]
[Site "Imperia ITA"]
[Date "2000.09.06"]
[Round "4"]
[White "Frank, Albert"]
[Black "Egartner, Wolfgang"]
[WhiteElo "2014"]
[BlackElo "2166"]
[Result "1/2-1/2"]
[PlyCount "43"]
[EventDate "2000.09.03"]

1. b3 d5 2. e3 Nf6 3. Bb2 e6 4. f4 c5 5. Bb5+ Bd7 6. a4 Bd6 7. Nf3 O-O 8. Nc3
a6 9. Bxd7 Nbxd7 10. Ne2 Qc7 11. Ng3 d4 12. O-O Rad8 13. Ng5 e5 14. Nf5 exf4
15. exd4 cxd4 16. Nxd6 Qxd6 17. Ba3 Nc5 18. Qf3 Rfe8 19. Qxf4 Qxf4 20. Rxf4 Ne6
21. Nxe6 Rxe6 22. Raf1 1/2-1/2

[Event "XLII Festival A"]
[Site "Imperia ITA"]
[Date "2000.09.06"]
[Round "4"]
[White "Giuberchio, Cesare"]
[Black "Faraci, Antonino"]
[WhiteElo "1906"]
[BlackElo "2111"]
[Result "0-1"]
[PlyCount "58"]
[EventDate "2000.09.03"]

1. e4 c5 2. Nf3 d6 3. d4 cxd4 4. Nxd4 Nf6 5. Nc3 g6 6. f4 Nbd7 7. Be3 Bg7 8.
Qd2 O-O 9. Be2 a6 10. Bf3 Qc7 11. h3 Nb6 12. b3 e5 13. Nde2 d5 14. Bxb6 Qxb6
15. Nxd5 Nxd5 16. exd5 e4 17. O-O-O exf3 18. gxf3 Qf6 19. Qd4 Qd6 20. Qc4 Bf5
21. Qa4 Rac8 22. Rd2 b5 23. Qa5 Rfe8 24. Re1 Bf6 25. a3 Bc3 26. Nxc3 Rxe1+ 27.
Kb2 Re3 28. Qb4 Qxb4 29. axb4 Rexc3 0-1

[Event "XLII Festival A"]
[Site "Imperia ITA"]
[Date "2000.09.06"]
[Round "4"]
[White "Gross, Stefan"]
[Black "Delanoy, Arnaud"]
[WhiteElo "2357"]
[BlackElo "2120"]
[Result "1-0"]
[PlyCount "46"]
[EventDate "2000.09.03"]

1. Nf3 d5 2. g3 Bg4 3. Bg2 Nd7 4. d3 e5 5. c4 dxc4 6. dxc4 c6 7. Qc2 Ngf6 8.
Nc3 Bc5 9. O-O O-O 10. h3 Bh5 11. Nh4 a5 12. a3 Qe7 13. Rb1 Bg6 14. Nxg6 fxg6
15. Na4 Ba7 16. b4 axb4 17. axb4 Rac8 18. c5 Kh8 19. e4 b6 20. Be3 Rb8 21. cxb6
Nxb6 22. Bc5 Qb7 23. Bxf8 Rxf8 1-0

[Event "XLII Festival A"]
[Site "Imperia ITA"]
[Date "2000.09.06"]
[Round "4"]
[White "Jurek, Josef"]
[Black "Jandovsky, Viktor"]
[WhiteElo "2329"]
[BlackElo "2195"]
[Result "1-0"]
[PlyCount "81"]
[EventDate "2000.09.03"]

1. Nf3 Nf6 2. c4 g6 3. d4 Bg7 4. g3 d6 5. Bg2 O-O 6. Nc3 Nc6 7. O-O e5 8. d5
Ne7 9. c5 Ne8 10. cxd6 cxd6 11. a4 h6 12. a5 Nc7 13. Nd2 f5 14. Nc4 Kh7 15. Qb3
g5 16. Rd1 Ng6 17. Bd2 Rg8 18. Nb5 Nxb5 19. Qxb5 Bf8 20. Qb3 Rg7 21. Bb4 Nh8
22. Rac1 Nf7 23. Qa3 Kg8 24. Rd2 h5 25. Rdc2 h4 26. Nd2 hxg3 27. hxg3 g4 28.
Rc7 Ng5 29. Rxg7+ Kxg7 30. Qc3 Be7 31. f4 gxf3 32. exf3 Bd7 33. Qe3 Nf7 34. f4
Bf6 35. Bc3 b6 36. axb6 axb6 37. Nc4 exf4 38. gxf4 b5 39. Nb6 Rb8 40. Nxd7 Qxd7
41. Qg3+ 1-0

[Event "XLII Festival A"]
[Site "Imperia ITA"]
[Date "2000.09.06"]
[Round "4"]
[White "Krouzel, Jaroslav"]
[Black "Lukes, Ladislav"]
[WhiteElo "2293"]
[BlackElo "2122"]
[Result "1/2-1/2"]
[PlyCount "22"]
[EventDate "2000.09.03"]

1. d4 d5 2. c4 e6 3. Nc3 Nf6 4. Bg5 Be7 5. e3 O-O 6. Nf3 Nbd7 7. Bd3 dxc4 8.
Bxc4 c6 9. O-O Nd5 10. Bxe7 Qxe7 11. Nxd5 exd5 1/2-1/2

[Event "XLII Festival A"]
[Site "Imperia ITA"]
[Date "2000.09.06"]
[Round "4"]
[White "Lo Curto, Emanuele"]
[Black "Blasco, Domenico"]
[WhiteElo "2132"]
[BlackElo "2070"]
[Result "0-1"]
[PlyCount "98"]
[EventDate "2000.09.03"]

1. e4 Nf6 2. e5 Nd5 3. d4 d6 4. c4 Nb6 5. f4 dxe5 6. fxe5 Nc6 7. Be3 Bf5 8. Nc3
e6 9. Nf3 Be7 10. Be2 O-O 11. O-O f6 12. exf6 Bxf6 13. Qd2 Qe7 14. Rad1 Rad8
15. Qc1 Rfe8 16. Kh1 Bg4 17. Ne4 Nd7 18. Rfe1 Bf5 19. Nxf6+ Nxf6 20. Bg5 h6 21.
Bh4 Kh7 22. d5 Nb8 23. Nd4 g5 24. Bg3 Ne4 25. Nxf5 exf5 26. Bd3 Kg8 27. Re2 Na6
28. Be1 Nac5 29. Bxe4 Nxe4 30. Rc2 Qe5 31. Bb4 b6 32. Re1 Qf6 33. Rce2 a5 34.
Bc3 Qg6 35. b3 Nxc3 36. Qxc3 Rxe2 37. Rxe2 Re8 38. Qe1 Re4 39. Rxe4 fxe4 40.
Kg1 Qf5 41. Qf2 Qe5 42. Qe3 Qa1+ 43. Kf2 Qxa2+ 44. Kg3 Qc2 45. d6 cxd6 46. Qxb6
Qc3+ 47. Kg4 Qe5 48. Qd8+ Kf7 49. g3 Qe6+ 0-1

[Event "XLII Festival A"]
[Site "Imperia ITA"]
[Date "2000.09.06"]
[Round "4"]
[White "Luciani, Carlo"]
[Black "Mozny, Milos"]
[WhiteElo "2225"]
[BlackElo "2414"]
[Result "1/2-1/2"]
[PlyCount "59"]
[EventDate "2000.09.03"]

1. e4 c5 2. Nf3 e6 3. b3 d6 4. d4 cxd4 5. Nxd4 Nf6 6. Nd2 Nc6 7. Bb2 Nxd4 8.
Bxd4 Bd7 9. Bd3 Bc6 10. O-O Be7 11. Qe2 O-O 12. f4 Nd7 13. c4 e5 14. Bb2 exf4
15. Rxf4 Bg5 16. Rf2 Ne5 17. Nf1 Qb6 18. Rd1 f5 19. c5 Qxc5 20. Bd4 Qb4 21.
Bxe5 dxe5 22. Bc4+ Kh8 23. Rxf5 Rxf5 24. exf5 e4 25. Ng3 Qc5+ 26. Kh1 Qe5 27.
Qg4 Bf6 28. Nh5 e3 29. Nf4 Be8 30. Ng6+ 1/2-1/2

[Event "XLII Festival A"]
[Site "Imperia ITA"]
[Date "2000.09.06"]
[Round "4"]
[White "Machalek, Bedrich"]
[Black "Hocevar, Nikola"]
[WhiteElo "2055"]
[BlackElo "2167"]
[Result "1-0"]
[PlyCount "61"]
[EventDate "2000.09.03"]

1. e4 c5 2. c3 Nf6 3. e5 Nd5 4. Bc4 Qc7 5. Nf3 Nb6 6. Bb3 c4 7. Bc2 g6 8. Qe2
Bg7 9. O-O O-O 10. Re1 Nc6 11. Na3 Nd8 12. Nb5 Qc5 13. a4 Nd5 14. b4 cxb3 15.
Bxb3 Ne6 16. Ba3 Qc6 17. Bxd5 Qxd5 18. Bxe7 Re8 19. Bd6 b6 20. c4 Qb7 21. d4 a6
22. Nc3 f5 23. Nd5 b5 24. Rab1 Qa7 25. axb5 axb5 26. Rxb5 Bb7 27. Qb2 Bc6 28.
Rb3 Qa2 29. Qxa2 Rxa2 30. Ne7+ Kh8 31. d5 1-0

[Event "XLII Festival A"]
[Site "Imperia ITA"]
[Date "2000.09.06"]
[Round "4"]
[White "Malano, Francesco"]
[Black "Colovic, Aleksandar"]
[WhiteElo "2028"]
[BlackElo "2397"]
[Result "0-1"]
[PlyCount "42"]
[EventDate "2000.09.03"]

1. Nf3 c5 2. c4 g6 3. Nc3 Bg7 4. g3 Nc6 5. Bg2 e6 6. e4 Nge7 7. O-O d6 8. d3
O-O 9. Be3 Nd4 10. Bxd4 cxd4 11. Ne2 e5 12. b4 f5 13. Ng5 h6 14. Nh3 fxe4 15.
dxe4 Be6 16. Qd3 Qc8 17. g4 Bxc4 18. Qc2 d3 19. Qc3 dxe2 20. Rfc1 b5 21. Bf3
Nc6 0-1

[Event "XLII Festival A"]
[Site "Imperia ITA"]
[Date "2000.09.06"]
[Round "4"]
[White "Poloch, Petr"]
[Black "Zlochevskij, Alexander"]
[WhiteElo "2323"]
[BlackElo "2450"]
[Result "1/2-1/2"]
[PlyCount "44"]
[EventDate "2000.09.03"]

1. e4 c6 2. d4 d5 3. exd5 cxd5 4. Bd3 Nc6 5. c3 Nf6 6. Bf4 Bg4 7. Qb3 Qc8 8.
Nd2 e6 9. Ngf3 Be7 10. Ne5 Bh5 11. O-O O-O 12. g4 Nxe5 13. Bxe5 Bg6 14. Qc2 a6
15. Bxg6 hxg6 16. Qd3 Qc6 17. g5 Rfc8 18. Rfe1 Qb5 19. Qxb5 axb5 20. Rec1 Rc6
21. Kf1 Bd8 22. b4 Ne4 1/2-1/2

[Event "XLII Festival A"]
[Site "Imperia ITA"]
[Date "2000.09.06"]
[Round "4"]
[White "Popa, Claudiu"]
[Black "Giuliano, Arturo"]
[WhiteElo "2127"]
[BlackElo "1968"]
[Result "0-1"]
[PlyCount "82"]
[EventDate "2000.09.03"]

1. e4 e5 2. Nc3 Bc5 3. f4 d6 4. Nf3 Nf6 5. Qe2 Nc6 6. Na4 Bg4 7. Nxc5 dxc5 8.
d3 O-O 9. Qf2 Re8 10. h3 Bxf3 11. gxf3 exf4 12. Bxf4 Nd5 13. Bd2 Ndb4 14. Qxc5
Qh4+ 15. Kd1 Re5 16. Qe3 Nd5 17. Qe1 Qf6 18. Be2 Rae8 19. c4 Nf4 20. Bc3 Rd8
21. Bxe5 Nxe5 22. Kc2 Nc6 23. Rh2 Nd4+ 24. Kb1 Qd6 25. Bd1 Nxd3 26. Qd2 Nc5 27.
b3 Qf6 28. Rf2 Ndxb3 29. axb3 Rxd2 30. Rxd2 Ne6 31. Raa2 g6 32. Rd7 Nd4 33.
Rxc7 Qd6 34. Rc8+ Kg7 35. Bc2 Nc6 36. Rb2 Qd2 37. Ka1 h6 38. Kb1 Qe1+ 39. Ka2
Nb4+ 40. Ka3 Qa1+ 41. Kxb4 Qxb2 0-1

[Event "XLII Festival A"]
[Site "Imperia ITA"]
[Date "2000.09.06"]
[Round "4"]
[White "Sejkora, Vlastimil"]
[Black "Melich, Jindrich"]
[WhiteElo "2264"]
[BlackElo "2150"]
[Result "1-0"]
[PlyCount "81"]
[EventDate "2000.09.03"]

1. e4 d6 2. d4 Nf6 3. Nc3 g6 4. f3 c6 5. Be3 b5 6. a3 a6 7. Qd2 Nbd7 8. Nh3 Bb7
9. Be2 c5 10. d5 Bg7 11. Nf2 Qa5 12. O-O O-O 13. a4 b4 14. Nb1 Qc7 15. a5 e6
16. dxe6 fxe6 17. c3 bxc3 18. Nxc3 d5 19. exd5 exd5 20. Bf4 Qc6 21. Rac1 Kh8
22. Nd3 Rfe8 23. Kh1 Rac8 24. Bd1 Qe6 25. Re1 Qg8 26. Ba4 Bc6 27. Rxe8 Qxe8 28.
Re1 Qd8 29. Bxc6 Rxc6 30. b4 d4 31. Ne2 Nd5 32. bxc5 Nxc5 33. Ne5 Rc7 34. Nxd4
Nxf4 35. Qxf4 Nd3 36. Nxd3 Bxd4 37. Ne5 Bc3 38. Rc1 Bd2 39. Nxg6+ hxg6 40. Qxc7
Qxc7 41. Rxc7 1-0

[Event "XLII Festival A"]
[Site "Imperia ITA"]
[Date "2000.09.06"]
[Round "4"]
[White "Semeria, Marco"]
[Black "Pedemonte, Claudio"]
[WhiteElo "2063"]
[BlackElo "2013"]
[Result "1-0"]
[PlyCount "71"]
[EventDate "2000.09.03"]

1. e4 d5 2. exd5 Nf6 3. c4 e6 4. d4 exd5 5. Nc3 c6 6. Bd3 dxc4 7. Bxc4 Be7 8.
Nf3 O-O 9. Be3 Nbd7 10. Qc2 Nb6 11. Bb3 Nbd5 12. O-O Bg4 13. Ne5 Qd6 14. Bxd5
cxd5 15. Rac1 Rac8 16. Qb3 Rfd8 17. Bf4 Qe6 18. Rfe1 Qf5 19. Bg3 Bf8 20. Qxb7
Rb8 21. Qxf7+ Kh8 22. Qxa7 Bh5 23. Nf7+ Bxf7 24. Bxb8 Ng4 25. Bg3 h5 26. Qc7
Rc8 27. Qf4 Qg6 28. Nxd5 Rxc1 29. Rxc1 Bxd5 30. Qxf8+ Bg8 31. h3 Nf6 32. b4 Qg5
33. Rc8 Qd5 34. Be5 Qxa2 35. Bxf6 gxf6 36. Qh6# 1-0

[Event "XLII Festival A"]
[Site "Imperia ITA"]
[Date "2000.09.06"]
[Round "4"]
[White "Spinelli, Doriano"]
[Black "De Santis, Alessio"]
[WhiteElo "2189"]
[BlackElo "2309"]
[Result "0-1"]
[PlyCount "96"]
[EventDate "2000.09.03"]

1. e4 d6 2. d4 Nf6 3. Nc3 c6 4. h3 Nbd7 5. Nf3 e5 6. dxe5 dxe5 7. Bd3 Be7 8.
Ne2 Qc7 9. Be3 Nc5 10. Bxc5 Bxc5 11. O-O h6 12. c3 Be6 13. b4 Be7 14. Ng3 g6
15. Qc2 Nd7 16. Nd2 h5 17. Bc4 Bxc4 18. Nxc4 b5 19. Ne3 h4 20. Ne2 Nb6 21. c4
bxc4 22. Nxc4 Bxb4 23. f4 exf4 24. Nxf4 O-O 25. Rac1 Rae8 26. a4 Kh7 27. Ne3
Bd6 28. Nfd5 Nxd5 29. Nxd5 Bh2+ 30. Kh1 cxd5 31. Qxc7 Bxc7 32. Rxc7 dxe4 33.
Rfxf7+ Rxf7 34. Rxf7+ Kg8 35. Rf2 Re5 36. Kg1 Kg7 37. Rb2 Kf6 38. Kf2 Rd5 39.
Ke3 Ke5 40. Rb7 Rd3+ 41. Ke2 a5 42. Rb5+ Rd5 43. Rb6 g5 44. Ke3 Rd3+ 45. Kf2
Ra3 46. Rb5+ Kf4 47. Rb8 Ra2+ 48. Kg1 Rxa4 0-1

[Event "XLII Festival A"]
[Site "Imperia ITA"]
[Date "2000.09.06"]
[Round "4"]
[White "Stoppa, Omar"]
[Black "Ausmins, Elmar"]
[WhiteElo "2195"]
[BlackElo "2324"]
[Result "1/2-1/2"]
[PlyCount "87"]
[EventDate "2000.09.03"]

1. e4 d6 2. d4 Nf6 3. Bd3 g6 4. c3 Bg7 5. Nf3 O-O 6. O-O c5 7. h3 Nc6 8. Be3
cxd4 9. cxd4 e5 10. d5 Nb4 11. Nc3 Nxd3 12. Qxd3 Nh5 13. g4 Nf4 14. Bxf4 exf4
15. Kh2 Bd7 16. Qd2 b5 17. a4 bxa4 18. Nxa4 Rb8 19. Nc3 Qb6 20. Qxf4 Qxb2 21.
Rxa7 Qxc3 22. Rxd7 Rb3 23. Kg2 Be5 24. Qe3 Qc2 25. Rc7 Qb2 26. Qc1 Qe2 27. Qd1
Qb5 28. Nxe5 dxe5 29. Qc2 Qb4 30. Rc4 Qa3 31. Ra1 Rg3+ 32. fxg3 Qxa1 33. Rc8
Rxc8 34. Qxc8+ Kg7 35. Qc2 Qd4 36. h4 h6 37. Kh2 Kh7 38. Qe2 Kg7 39. Qf3 Qd2+
40. Qg2 Qd1 41. Qb2 Kh7 42. Qxe5 Qd2+ 43. Kg1 Qe1+ 44. Kg2 1/2-1/2

[Event "XLII Festival A"]
[Site "Imperia ITA"]
[Date "2000.09.06"]
[Round "4"]
[White "Strazzeri, Marco"]
[Black "Schmitt, Thomas"]
[WhiteElo "1756"]
[BlackElo "2223"]
[Result "1/2-1/2"]
[PlyCount "81"]
[EventDate "2000.09.03"]

1. e4 e6 2. d4 d5 3. Nd2 Nf6 4. e5 Nfd7 5. Bd3 c5 6. c3 Nc6 7. Ne2 cxd4 8. cxd4
f6 9. exf6 Nxf6 10. O-O Bd6 11. Nf3 O-O 12. Re1 Bd7 13. Nf4 Re8 14. Bb5 Qb6 15.
Bxc6 bxc6 16. Nd3 Ne4 17. Be3 Re7 18. Qc2 a5 19. Rac1 Be8 20. Nfe5 Rb8 21. Re2
Rc8 22. f3 Nf6 23. Nc5 h6 24. Bf2 Nd7 25. Nexd7 Bxd7 26. Nxd7 Rxd7 27. Rxe6 Qc7
28. h3 Re7 29. Rxe7 Bxe7 30. Qf5 Bf6 31. Qe6+ Kh8 32. Rc2 a4 33. Qg4 Re8 34.
Qg3 Qxg3 35. Bxg3 Bxd4+ 36. Kf1 c5 37. Bf2 Bxf2 38. Kxf2 c4 39. Rd2 Rb8 40. Ke3
Rb5 41. Kd4 1/2-1/2

[Event "XLII Festival A"]
[Site "Imperia ITA"]
[Date "2000.09.06"]
[Round "4"]
[White "Svacina, Petr"]
[Black "Capuano, Ruggiero"]
[WhiteElo "2094"]
[BlackElo "2170"]
[Result "1/2-1/2"]
[PlyCount "83"]
[EventDate "2000.09.03"]

1. e4 c5 2. Nf3 d6 3. d4 cxd4 4. Nxd4 Nf6 5. f3 Nc6 6. c4 g6 7. Be3 Bg7 8. Qd2
O-O 9. Nc3 Bd7 10. Rc1 Nxd4 11. Bxd4 Bc6 12. Be2 Qa5 13. O-O Nd7 14. Be3 Qd8
15. Rfd1 a5 16. b3 Nc5 17. Nd5 Bxd5 18. cxd5 b6 19. Bb5 f5 20. exf5 Rxf5 21.
Bd4 Qf8 22. Bxg7 Kxg7 23. Re1 Qf6 24. Rcd1 Re5 25. Rxe5 Qxe5 26. Re1 Qf6 27.
Qe3 Ra7 28. Rd1 Kf7 29. Rd4 Kg7 30. g3 Rc7 31. Rh4 h5 32. Rd4 Qe5 33. Qd2 Rc8
34. Kf2 Rf8 35. Qe3 Qxe3+ 36. Kxe3 Ra8 37. h4 Kf6 38. Rf4+ Kg7 39. Bc6 Ra7 40.
Kd2 Rc7 41. Bb5 Nd7 42. Bxd7 1/2-1/2